Prístupy k sociálnej ochrane rodiny v podmienkach Európskej únie
Pôsobenie rodinných politík na rodiny. Vplyv podporných opatrení, súbor dávok a iných výhod a služieb poskytovaných rodinám na rôzne typy rodín. Podpora rodiny s deťmi formou finančných dávok vo vybraných krajinách. Účinky sociálnych rodinných politík na rodiny. Vplyv verejných politík zdravia a sta...
Na minha lista:
| Autor principal: | |
|---|---|
| Formato: | Capítulo de Livro |
| Idioma: | eslovaco |
| Assuntos: | |
| Tags: |
Sem tags, seja o primeiro a adicionar uma tag!
|
MARC
| LEADER | 00000naa a2200000 4500 | ||
|---|---|---|---|
| 001 | r049099 | ||
| 005 | 20230808082220.9 | ||
| 041 | 0 | |a slo | |
| 044 | |a SK | ||
| 245 | 1 | 0 | |a Prístupy k sociálnej ochrane rodiny v podmienkach Európskej únie |c Iveta Dudová |
| 520 | |a Pôsobenie rodinných politík na rodiny. Vplyv podporných opatrení, súbor dávok a iných výhod a služieb poskytovaných rodinám na rôzne typy rodín. Podpora rodiny s deťmi formou finančných dávok vo vybraných krajinách. Účinky sociálnych rodinných politík na rodiny. Vplyv verejných politík zdravia a starostlivosti. Účinnosť verejného pôsobenia smerom k rodinám. | ||
| 610 | 2 | 0 | |a politika rodinná |
| 610 | 2 | 0 | |a Európska únia |
| 610 | 2 | 0 | |a starostlivosť o deti |
| 610 | 2 | 0 | |a starostlivosť o rodinu |
| 610 | 2 | 0 | |a starostlivosť sociálna |
| 610 | 2 | 0 | |a dávky sociálne |
| 610 | 2 | 0 | |a domácnosti |
| 100 | 1 | |a Dudová, Iveta | |